|
|
|
|
| LEADER |
00000nam a2200000 a 4500 |
| 001 |
vtls001362845 |
| 003 |
SK-MaSNL |
| 005 |
20260301050314.0 |
| 008 |
180126sm y0 xo 0 und |
| 035 |
|
|
|a SNK000316442
|
| 040 |
|
|
|a SNK
|b slo
|c SNK
|e AACR2
|
| 044 |
|
|
|a xo
|c SK
|
| 046 |
|
|
|a m
|m 19905 (účin. )
|n 200812
|
| 072 |
|
7 |
|a 624
|x Stavebné inžinierstvo
|2 konspekt
|
| 080 |
|
|
|a 624
|2 2011
|
| 130 |
0 |
|
|a STN 73 0036 [neplatná] (STN ENV 1998-1-2)
|9 355731
|
| 245 |
1 |
0 |
|a STN P ENV 1998-1-2: 1999, [neplatná] (73 0036) Eurokód 8. Návrhové požiadavky na seizmickú odolnosť konštrukcií
|n Časť 1-2
|p Všeobecné pravidlá. Všeobecné pravidlá pre budovy
|
| 246 |
1 |
0 |
|a Eurokód 8
|
| 246 |
1 |
0 |
|a Návrhové požiadavky na seizmickú odolnosť konštrukcií. Časť 1-2
|
| 246 |
1 |
0 |
|a Všeobecné pravidlá
|
| 246 |
1 |
0 |
|a Všeobecné pravidlá pre budovy
|
| 260 |
|
|
|a Bratislava
|b Úrad pre normalizáciu, metrológiu a skúšobníctvo SR
|c 1999
|
| 300 |
|
|
|a 36 s.
|b obr. ,tab.
|c 30 cm
|
| 650 |
0 |
7 |
|a stavebné inžinierstvo
|2 SNKPH
|9 67492
|
| 650 |
0 |
7 |
|a Civil engineering
|2 SNKPHeng
|9 274748
|
| 852 |
|
|
|a Štátna vedecká knižnica v Banskej Bystrici
|
| 999 |
|
|
|c 600615
|d 602545
|
| 952 |
|
|
|t P60, <03>, [BOOK], {603}
|a SNK
|b SNK
|y PREZ
|7 0
|p 17A0191779
|o snkSTN P ENV 1998-1-2
|i snkN 1135/99
|0 0
|1 0
|4 0
|d 1999-05-11
|l 0
|r 2005-01-02 00:00:00
|w 2026-02-23
|
| 952 |
|
|
|t P60, <04>, [BOOK], {604}
|a SNK
|b SNK
|y VYP
|7 0
|p 17A0191780
|o snkSTN P ENV 1998-1-2 D1
|i snkN 1136/99
|0 0
|1 0
|4 0
|d 1999-05-11
|l 0
|r 2005-01-02 00:00:00
|w 2026-02-23
|